000 00821cam a22002771 4500
001 agr51000524
003 DLC
005 20260227111015.0
008 761020s1951 xx 000 0 eng c
010 _aagr51000524
015 _aGB51-8273
035 _a(OCoLC)2516212
040 _aU. S. Dept. of Agr. Libr.
_cO
_dUk
_dDLC
042 _apremarc
050 0 0 _aSF487
_b.J83 1951
082 _a636.508
100 1 _aJull, M. A.
_q(Morley Allan),
_d1885-
245 1 0 _aSuccessful poultry management.
250 _a2d ed.
260 _aNew York,
_bMcGraw-Hill
_c[1951]
300 _axi, 447 p.
_billus., maps.
_c24 cm.
490 0 _aMcGraw-Hill's rural activities series
500 _a"References": p. 421-426; "Correlated list of visual aids": p. 427-429.
650 0 _aPoultry.
740 0 _aPoultry management.
999 _c11377
_d11377